Представление документа в формате MARC21

Поле Инд. ПП Название Значение
Тип записи a
Библиографический уровень m
001 Контрольный номер 2b502158-945f-4a05-85e4-31ddb558ad81
005 Дата корректировки 20210312142201.9
008 Кодируемые данные 950630s1995 rur 00000 rus d
020 c Цена, тираж 40.00
080 a Индекс УДК 51
084 a Индекс другой классификации/Индекс ББК В1
090 x Авторский знак Т 18
a Полочн. индекс 51
098 d Инвентарный ОРК 9083
100 1_ a Автор Таннери Жюль
e Роль лиц Автор
245 10 a Заглавие Основные понятия математики
b Продолж. заглавия с прибавлением очерка Поля Таннери "Основные сведения из истории математики"
c Ответственность Жюль Таннери ; перевод с 3-го французского издания Н. Евреинова
260 0_ a Место издания Санкт-Петербург
b Издательство типография Суворина
c Дата издания 1914
300 a Объем 406 с.
b Иллюстрации/ тип воспроизводства ил.
c Размеры 22 см
561 1_ a История (примечание) Из коллекции Тверского педагогического института; Школы Максимовича
9 692849; 9083
653 0_ a Ключевые слова Математика
a Ключевые слова История математики
700 1_ a Другие авторы Евреинов Н.
e Роль лиц пер.
852 41 x Примечание, не предназначенное для пользователя Твер. пед. ин-т
9 692849; 9083
852 41 x Примечание, не предназначенное для пользователя Школа Максимовича (№ 9083)
888 a Бесплатные
901 t Тип документа m
920 a Оператор Суха
930 a Новая/Ретро ретро
952 p 113.98 40.00 1 692849
c Вид литературы К ру
954 a Дата поступления на обработку 17.02.98
954 a Дата поступления на обработку 20210312
999 a Подразделение 2 ч.з.